| 000 -LEADER |
| fixed length control field |
00874cam a2200229 a 4500 |
| 003 - CONTROL NUMBER IDENTIFIER |
| control field |
OSt |
| 005 - DATE AND TIME OF LATEST TRANSACTION |
| control field |
20240116150746.0 |
| 008 - FIXED-LENGTH DATA ELEMENTS--GENERAL INFORMATION |
| fixed length control field |
070529r20071968njua b 000 0 eng |
| 020 ## - INTERNATIONAL STANDARD BOOK NUMBER |
| International Standard Book Number |
9780202361338 (alk. paper) |
| 035 ## - SYSTEM CONTROL NUMBER |
| System control number |
(OCoLC)137331478 |
| 082 00 - DEWEY DECIMAL CLASSIFICATION NUMBER |
| Classification number |
301 |
| Edition number |
22 |
| Item number |
ROB |
| 245 00 - TITLE STATEMENT |
| Title |
Anthropological theory : |
| Remainder of title |
a sourcebook / |
| Statement of responsibility, etc |
Robert A. Manners and David Kaplan, editors. |
| 260 ## - PUBLICATION, DISTRIBUTION, ETC. (IMPRINT) |
| Place of publication, distribution, etc |
New Brunswick, N.J. : |
| Name of publisher, distributor, etc |
AldineTransaction, |
| Date of publication, distribution, etc |
[2007] |
| 300 ## - PHYSICAL DESCRIPTION |
| Extent |
xii, 578 p. : |
| Other physical details |
ill. ; |
| Dimensions |
26 cm. |
| 500 ## - GENERAL NOTE |
| General note |
Originally published: Theory in anthropology. Chicago : Aldine Pub. Co., [1968] |
| 504 ## - BIBLIOGRAPHY, ETC. NOTE |
| Bibliography, etc |
Includes bibliographical references (p. 559-578). |
| 650 #0 - SUBJECT ADDED ENTRY--TOPICAL TERM |
| Topical term or geographic name as entry element |
Anthropology. |
| 700 1# - ADDED ENTRY--PERSONAL NAME |
| Personal name |
Manners, Robert A. |
| Fuller form of name |
(Robert Alan), |
| Dates associated with a name |
1913-1996. |
| 700 1# - ADDED ENTRY--PERSONAL NAME |
| Personal name |
Kaplan, David, |
| Dates associated with a name |
1929- |
| 856 41 - ELECTRONIC LOCATION AND ACCESS |
| Materials specified |
Table of contents |
| Uniform Resource Identifier |
<a href="http://www.loc.gov/catdir/toc/fy0802/2007022249.html">http://www.loc.gov/catdir/toc/fy0802/2007022249.html</a> |
| 942 ## - ADDED ENTRY ELEMENTS (KOHA) |
| Source of classification or shelving scheme |
|